Alla Marabou chokladkaks smaker - Statistics

General Stats
  • This quiz has been taken 187 times
  • The average score is 12 of 27
Answer Stats
Tips Svar % Correct
Marabou Mjölkchoklad
84%
Marabou Daim
81%
Marabou Oreo
75%
Marabou Oreo Filled
75%
Marabou Apelsinkrokant
70%
Marabou Schweizernöt
68%
Marabou Vitchoklad
59%
Marabou Frukt & Mandel
58%
Marabou Helnöt
58%
Marabou Mintkrokant
56%
Marabou Mörkchoklad
55%
Marabou Havssalt
54%
Marabou Popcorn
49%
Marabou Salty Crackers TUC
46%
Marabou Digestive
40%
Marabou Salta Mandlar
40%
Marabou Black Saltlakrits
37%
Marabou Drömkrisp
32%
Marabou Dukat
26%
Marabou Gräddnougat
25%
Marabou Fudge & Havssalt
21%
Marabou Pistachio
17%
Marabou Lakrits, Hallon & Caramel
13%
Marabou Japp Peanut Caramel
9%
Marabou Oreo Sandwich
9%
Marabou Almond Caramel
7%
Marabou Toffe Whole Nut
3%
No matching quizzes found
Score Distribution
Percent of People with Each Score
Percentile by Number Answered
Your Score History
You have not taken this quiz